<?xml version="1.0" encoding="UTF-8"?>
<collection xmlns="http://www.loc.gov/MARC21/slim">
 <record>
  <leader>02667nam a22002531a 4500</leader>
  <controlfield tag="001">1/25349</controlfield>
  <controlfield tag="008">      s2001    lu     f      00010 gre d</controlfield>
  <datafield tag="022" ind1="0" ind2=" ">
   <subfield code="a">0254-1475</subfield>
  </datafield>
  <datafield tag="022" ind1="0" ind2=" ">
   <subfield code="a">0254-1483</subfield>
  </datafield>
  <datafield tag="028" ind1="3" ind2="1">
   <subfield code="a">KT-CO-01-463-GR-C</subfield>
  </datafield>
  <datafield tag="028" ind1="3" ind2="1">
   <subfield code="a">KT-CO-01-463-EN-C</subfield>
  </datafield>
  <datafield tag="028" ind1="3" ind2="1">
   <subfield code="a">2001/0168 (CNS)</subfield>
  </datafield>
  <datafield tag="035" ind1=" " ind2=" ">
   <subfield code="l">27143</subfield>
  </datafield>
  <datafield tag="040" ind1=" " ind2=" ">
   <subfield code="a">GR-PeUP</subfield>
  </datafield>
  <datafield tag="084" ind1=" " ind2=" ">
   <subfield code="2">KET</subfield>
   <subfield code="a">COM (2001) 422 τελικό</subfield>
  </datafield>
  <datafield tag="110" ind1="2" ind2=" ">
   <subfield code="a">Επιτροπή των Ευρωπαϊκών Κοινοτήτων.</subfield>
  </datafield>
  <datafield tag="245" ind1="1" ind2="0">
   <subfield code="a">Πρόταση κανονισμού του Συμβουλίου για τη σύναψη δύο συμφωνιών υπό μορφή ανταλλαγής επιστολών, οι οποίες αφορούν την παράταση του πρωτοκόλλου με το οποίο καθορίζονται οι αλιευτικές δυνατότητες και η χρηματική αντιστάθμιση που προβλέπονται στη συμφωνία μεταξύ της Ευρωπαϊκής Οικονομικής Κοινότητας και της Κυβέρνησης της Δημοκρατίας της Σενεγάλης, όσον αφορά την αλιεία στα ανοικτά των ακτών της Σενεγάλης για τις περιόδους από 1ης Μαίου 2001 έως 31 Ιουλίου 2001 και από 1ης Αυγούστου 2001 έως 31 Δεκεμβρίου 2001:</subfield>
   <subfield code="b">υποβληθείσα από την Επιτροπή/</subfield>
   <subfield code="c">Επιτροπή των Ευρωπαϊκών Κοινοτήτων</subfield>
  </datafield>
  <datafield tag="246" ind1="1" ind2="0">
   <subfield code="a">Proposal for a Council Regulation on the conclusion of two Agreements in the form of exchanges of letters concerning the extension of the Protocol establishing the fishing opportunities and financial compensation provided for in the Agreement between the European Economic Community and the Government of the Republic of Senegal on fishing off the coast of Senegal for the periods 1 May 2001 to 31 July 2001 and 1 August 2001 to 31 December 2001:</subfield>
   <subfield code="b">presented by the Commission</subfield>
  </datafield>
  <datafield tag="260" ind1="0" ind2=" ">
   <subfield code="a">Βρυξέλλες, Λουξεμβούργο:</subfield>
   <subfield code="b">Υπηρεσία Επισήμων Εκδόσεων των Ευρωπαϊκών Κοινοτήτων,</subfield>
   <subfield code="c">25.7.2001</subfield>
  </datafield>
  <datafield tag="300" ind1=" " ind2=" ">
   <subfield code="a">17 σελ.</subfield>
  </datafield>
  <datafield tag="500" ind1=" " ind2=" ">
   <subfield code="a">Δίγλωσσο</subfield>
  </datafield>
  <datafield tag="852" ind1=" " ind2=" ">
   <subfield code="a">INST</subfield>
   <subfield code="b">UNIPILB</subfield>
   <subfield code="c">KET</subfield>
   <subfield code="e">20050328</subfield>
   <subfield code="h">KET  COM (2001) 422 τελικό</subfield>
   <subfield code="p">COM (2001) 422</subfield>
   <subfield code="q">COM (2001) 422</subfield>
   <subfield code="t">NOLOAN</subfield>
   <subfield code="y">23</subfield>
   <subfield code="4">1</subfield>
  </datafield>
  <datafield tag="856" ind1="4" ind2="1">
   <subfield code="u">http://eur-lex.europa.eu/LexUriServ/LexUriServ.do?uri=COM:2001:0422:FIN:EL:PDF</subfield>
  </datafield>
  <datafield tag="856" ind1="4" ind2="1">
   <subfield code="u">http://eur-lex.europa.eu/LexUriServ/LexUriServ.do?uri=COM:2001:0422:FIN:EN:PDF</subfield>
  </datafield>
 </record>
</collection>
